Americanway: trends for the modern traveler (Record no. 38074)

MARC details
000 -LEADER
fixed length control field 00493nam a2200157Ia 4500
022 ## - INTERNATIONAL STANDARD SERIAL NUMBER
ISSN 00031518
050 ## - CALL MARK
Classification number HE 9803 .A44/
245 #0 - TITLE STATEMENT
Title Americanway: trends for the modern traveler
260 ## - PUBLICATION, DISTRIBUTION, ETC. (IMPRINT)
Name of publisher AA: American Airlines, Inc.
260 ## - PUBLICATION, DISTRIBUTION, ETC. (IMPRINT)
Year of publication 2010
300 ## - PHYSICAL DESCRIPTION
Number of Pages 104 p. : ill. ; 27 cm.
650 ## - SUBJECT ADDED ENTRY--TOPICAL TERM
Topical Term American Airlines, inc.--History Airlines--United States--History Airlines--United States--Biography
942 ## - ADDED ENTRY ELEMENTS (KOHA)
Koha item type Serials

No items available.